000 00682nam a2200205Ia 4500
005 20241129111253.0
008 241129s9999||||xx |||||||||||||| ||und||
037 _aTB
040 _aCRL
_bpun
_cCRL
041 _apun
_2pun
084 _aO153,1N551w,1 P2;R1
_qCRL
100 _aਮਾਧੋਪੁਰੀ, ਬਲਬੀਰ, ਚ।
245 0 _aਛਾਂਗਿਆ ਰੁੱਖ
_cਮਾਧੋਪੁਰੀ, ਬਲਬੀਰ, ਚ।
260 _aਦਿੱਲੀ, ਭਾਰਤ
_bਨਵਯੁਗ
_c2021
300 _a225ਪ੍ਰ0
365 _aINR
_b250
650 _aPunjabi LiteraturePoetry
_9726276
942 _cTB
_hO153,1N551w,1 P2;R1
999 _c1229675
_d1229675